Atomic forces in celestial bodies (Record no. 4294)

MARC details
000 -LEADER
fixed length control field 00562nam a2200169Ia 4500
003 - CONTROL NUMBER IDENTIFIER
control field IN-BaIIA
008 - FIXED-LENGTH DATA ELEMENTS--GENERAL INFORMATION
fixed length control field 211028s9999 xx 000 0 eng d
040 ## - CATALOGING SOURCE
Transcribing agency IIA Library
080 ## - UNIVERSAL DECIMAL CLASSIFICATION NUMBER
Universal Decimal Classification number 52
Item number SMI
100 ## - MAIN ENTRY--PERSONAL NAME
Personal name Smith, Elliott S
9 (RLIN) 7552
245 #0 - TITLE STATEMENT
Title Atomic forces in celestial bodies
Remainder of title to account for observed phenomena of the sun, the major planets, the moon, the earth and the stars
Statement of responsibility, etc. Elliott S. Smith
260 ## - PUBLICATION, DISTRIBUTION, ETC.
Place of publication, distribution, etc. Michigan
Name of publisher, distributor, etc. Edwards Brothers
Date of publication, distribution, etc. 1935
300 ## - PHYSICAL DESCRIPTION
Extent xi, 62p.
650 ## - SUBJECT ADDED ENTRY--TOPICAL TERM
Topical term or geographic name entry element Astronomy
9 (RLIN) 80
650 ## - SUBJECT ADDED ENTRY--TOPICAL TERM
Topical term or geographic name entry element Astronomy and astrophysics thesaurus
942 ## - ADDED ENTRY ELEMENTS (KOHA)
Koha item type Books
Holdings
Withdrawn status Lost status Damaged status Not for loan Home library Current library Shelving location Date acquired Total Checkouts Full call number Barcode Date last seen Price effective from Koha item type
        IIA Library-Bangalore IIA Library-Bangalore General Stacks 10/09/1973   52/ SMI 4793 05/11/2021 10/09/1973 Books

Powered by Koha